Annuaire français de droit international 2003. (Record no. 3117)
[ view plain ]
| 000 -LEADER | |
|---|---|
| fixed length control field | 01020cam a2200301Mi 4500 |
| 001 - CONTROL NUMBER | |
| control field | ocm56963233 |
| 003 - CONTROL NUMBER IDENTIFIER | |
| control field | TZ-ArACH |
| 005 - DATE AND TIME OF LATEST TRANSACTION | |
| control field | 20150420132115.0 |
| 008 - FIXED-LENGTH DATA ELEMENTS--GENERAL INFORMATION | |
| fixed length control field | 041028s2004 fr 000 0 fre d |
| 020 ## - INTERNATIONAL STANDARD BOOK NUMBER | |
| International Standard Book Number | 227106239X |
| 020 ## - INTERNATIONAL STANDARD BOOK NUMBER | |
| International Standard Book Number | 9782271062390 |
| 035 ## - SYSTEM CONTROL NUMBER | |
| System control number | (OCoLC)56963233 |
| 040 ## - CATALOGING SOURCE | |
| Original cataloging agency | TZT |
| Language of cataloging | eng |
| Transcribing agency | TZT |
| Modifying agency | OCLCQ |
| 049 ## - LOCAL HOLDINGS (OCLC) | |
| Holding library | TZAA |
| 050 ## - LIBRARY OF CONGRESS CALL NUMBER | |
| Classification number | KZ21 |
| Item number | .A55 2003 |
| 072 #7 - SUBJECT CATEGORY CODE | |
| Subject category code | K |
| Source | lcco |
| 082 14 - DEWEY DECIMAL CLASSIFICATION NUMBER | |
| Classification number | 341 |
| Edition number | 1 |
| 245 00 - TITLE STATEMENT | |
| Title | Annuaire français de droit international 2003. |
| Number of part/section of a work | XLIX, |
| Name of part/section of a work | 2003 / |
| Statement of responsibility, etc | direction J. Verhoeven. |
| 260 ## - PUBLICATION, DISTRIBUTION, ETC. (IMPRINT) | |
| Place of publication, distribution, etc | Paris : |
| Name of publisher, distributor, etc | CNRS, |
| Date of publication, distribution, etc | 2004. |
| 300 ## - PHYSICAL DESCRIPTION | |
| Extent | 1009 pages. |
| 490 1# - SERIES STATEMENT | |
| Series statement | Annuaire français de droit international, |
| International Standard Serial Number | 0066-3085 ; |
| Volume number/sequential designation | XLIX |
| 650 ## - SUBJECT ADDED ENTRY--TOPICAL TERM | |
| Source of heading or term | International law |
| 9 (RLIN) | 16111 |
| 650 ## - SUBJECT ADDED ENTRY--TOPICAL TERM | |
| Source of heading or term | Droit international |
| 9 (RLIN) | 16112 |
| 653 ## - INDEX TERM--UNCONTROLLED | |
| Uncontrolled term | International law |
| -- | Yearly directory |
| 830 #0 - SERIES ADDED ENTRY--UNIFORM TITLE | |
| Uniform title | Annuaire français de droit international ; |
| Volume number/sequential designation | XLIX. |
| 9 (RLIN) | 16113 |
| 942 ## - ADDED ENTRY ELEMENTS (KOHA) | |
| Source of classification or shelving scheme | Library of Congress Classification |
| Koha item type | Books |
| Home library | Current library | Shelving location | Date acquired | Full call number | Barcode | Koha item type |
|---|---|---|---|---|---|---|
| African Court on Human and Peoples' Rights Library | African Court on Human and Peoples' Rights Library | 20/04/2015 | KZ21 .A55 2003 | 10234314 | Books |
